Greek, Roman, Norse, & Egyptian Gods - Statistics

General Stats
  • This quiz has been taken 286 times
  • The average score is 42 of 79
Answer Stats
Hint Answer % Correct
The king of the Greek gods, ruler of the sky and thunder Zeus
99%
God of the underworld and the dead Hades
93%
God of the sea, earthquakes, and horses Poseidon
91%
Goddess of love and beauty Aphrodite
89%
God of war and bloodlust Ares
89%
Goddess of wisdom, war strategy, and crafts Athena
89%
Goddess of marriage and family, wife of the above Hera
88%
The king of the Roman gods, god of thunder Jupiter
86%
Chief god of wisdom, war, and death, has one eye Odin
86%
God of thunder who wields Mjölnir Thor
86%
God of the sun, music, and prophecy Apollo
84%
God of the sun, music, and prophecy Apollo
84%
Goddess of the hunt, wilderness, and moon Artemis
84%
God of war and valor, more noble than his Greek counterpart Mars
84%
Messenger god, patron of travelers and thieves Hermes
83%
God of the sea and horses Neptune
83%
Sun god and creator, sails across the sky Ra
82%
Trickster god associated with mischief and change Loki
81%
Goddess of love and beauty Venus
81%
God of the underworld Pluto
79%
Titan god of time, father of the Olympians Cronus
78%
Queen of the underworld and goddess of spring and vegetation Persephone
78%
God of wine, pleasure, and theater Dionysus
77%
Goddess of agriculture and fertility Demeter
73%
Personification of the Earth Gaia
73%
God of messages and commerce Mercury
73%
God of fire, metalworking, and forges Hephaestus
69%
Jackal-headed god of embalming and funerary rites Anubis
67%
God of agriculture and time, father of the god of thunder Saturn
67%
God of the afterlife, resurrection, and fertility Osiris
66%
Goddess of the hearth and domesticity Hestia
65%
God of love and desire, often depicted with a bow Cupid
64%
God of desire and attraction Eros
64%
Falcon-headed sky god, associated with kingship Horus
61%
Goddess who rules the realm of the dead Hel
60%
Goddess of marriage, queen of the Roman gods Juno
59%
Goddess of the moon and the hunt Diana
56%
Goddess of marriage and prophecy, wife of the above Frigg
56%
God of chaos and deserts, killer of Osiris Set
56%
God of fire and blacksmiths Vulcan
56%
Goddess of magic and motherhood Isis
55%
Primordial goddess of night Nyx
54%
God of wine and revelry Bacchus
53%
Guardian of the Bifröst rainbow bridge Heimdall
53%
Goddess of wisdom, strategy, and crafts Minerva
51%
Titaness of motherhood, mother of the Olympians Rhea
49%
God of light and beauty, beloved by the gods Baldr
46%
Goddess of agriculture and the harvest Ceres
44%
God of beginnings, endings, and doorways (two-faced) Janus
44%
One-handed god of law and war Týr
43%
Ibis-headed god of writing, knowledge, and the moon Thoth
39%
Goddess of the hearth and sacred flame Vesta
39%
God of fertility and peace, brother of the above Freyr
36%
Cat-headed goddess of protection and domesticity Bastet
34%
Lion-headed goddess of war and healing Sekhmet
34%
God of forests and fields, similar to the Greek god Pan Faunus
33%
Hidden god of air and creation, merged with the sun god Amun
32%
Goddess of love, fertility, and battle, rides a chariot of cats Freyja
31%
Fertility goddess with golden hair, wife of the god of thunder Sif
31%
Goddess of the sky, mother of the stars Nut
29%
Queen of the underworld and goddess of springtime Proserpina
28%
Roman goddess of war Bellona
26%
God of the Earth, father of the god of the afterlife Geb
26%
Crocodile-headed god of strength and the Nile Sobek
25%
Goddess of love, joy, and music, often associated with cows Hathor
23%
God of craftsmen and creation, depicted as a mummified man Ptah
22%
God of the sea, wind, and fertility Njord
21%
Goddess of youth, keeper of golden apples Idunn
20%
Moon god and timekeeper, son of the two above Khonsu
20%
Winter goddess and huntress from the mountains Skadi
20%
God of poetry and eloquence Bragi
19%
Goddess of truth, balance, and justice Ma'at
18%
God of vengeance and silence Vidar
15%
Goddess of mourning Nephthys
14%
God of air and the space between sky and earth Shu
14%
Mother goddess, consort of the above Mut
11%
Blind god of darkness and winter Hodr
10%
Goddess of moisture and rain, daughter of the sun-god Tefnut
9%
God of vengeance and retribution Vali
8%
No matching quizzes found
Score Distribution
Percent of People with Each Score
Percentile by Number Answered
Your Score History
You have not taken this quiz